|
|
|
|
| LEADER |
01612nam a2200385Ia 4500 |
| 001 |
EBC295206 |
| 003 |
MiAaPQ |
| 005 |
20200520144314.0 |
| 006 |
m o d | |
| 007 |
cr cn||||||||| |
| 008 |
000811s2000 enka sb f001 0 eng d |
| 010 |
|
|
|z 00980337
|
| 020 |
|
|
|z 0889368953
|
| 035 |
|
|
|a (MiAaPQ)EBC295206
|
| 035 |
|
|
|a (Au-PeEL)EBL295206
|
| 035 |
|
|
|a (CaPaEBR)ebr10176387
|
| 035 |
|
|
|a (CaONFJC)MIL84985
|
| 035 |
|
|
|a (OCoLC)808615490
|
| 040 |
|
|
|a MiAaPQ
|c MiAaPQ
|d MiAaPQ
|
| 050 |
|
4 |
|a HC79.E44
|b L43 2000
|
| 082 |
0 |
4 |
|a 307.1/4
|2 21
|
| 245 |
0 |
0 |
|a Learning from change
|h [electronic resource] :
|b issues and experiences in participatory monitoring and evaluation /
|c edited by Marisol Estrella ... [et al.].
|
| 260 |
|
|
|a London, UK :
|b Intermediate Technology Publications ;
|a Ottawa, ON, Canada :
|b International Development Research Centre,
|c c2000.
|
| 300 |
|
|
|a xiv, 274 p. :
|b ill.
|
| 490 |
1 |
|
|a Participation in development series
|
| 504 |
|
|
|a Includes bibliographical references (p. [244]-256) and index.
|
| 533 |
|
|
|a Electronic reproduction. Ann Arbor, MI : ProQuest, 2015. Available via World Wide Web. Access may be limited to ProQuest affiliated libraries.
|
| 650 |
|
0 |
|a Economic development projects
|x Evaluation.
|
| 650 |
|
0 |
|a Economic development projects
|x Citizen participation.
|
| 650 |
|
0 |
|a Community development
|x Evaluation.
|
| 655 |
|
4 |
|a Electronic books.
|
| 700 |
1 |
|
|a Estrella, Marisol.
|
| 710 |
2 |
|
|a ProQuest (Firm)
|
| 830 |
|
0 |
|a Participation in development.
|
| 856 |
4 |
0 |
|u https://ebookcentral.proquest.com/lib/matrademy/detail.action?docID=295206
|z Click to View
|